Psychiatric case formulations / (Record no. 646)

MARC details
000 -LEADER
fixed length control field 00781fam a2200265 a 4500
005 - DATE AND TIME OF LATEST TRANSACTION
control field 20260322212028.0
008 - FIXED-LENGTH DATA ELEMENTS--GENERAL INFORMATION
fixed length control field data
010 ## - LIBRARY OF CONGRESS CONTROL NUMBER
LC control number 91021998
020 ## - INTERNATIONAL STANDARD BOOK NUMBER
International Standard Book Number 0880483679
020 ## - INTERNATIONAL STANDARD BOOK NUMBER
International Standard Book Number 9780880483674
040 ## - CATALOGING SOURCE
Original cataloging agency DNLM/DLC
Transcribing agency DLC
Modifying agency DLC
050 00 - LIBRARY OF CONGRESS CALL NUMBER
Classification number RC473.C37
Item number P78 1992
060 ## - NATIONAL LIBRARY OF MEDICINE CALL NUMBER
Classification number WM 400 P973
096 ## - LOCALLY ASSIGNED NLM-TYPE CALL NUMBER (OCLC)
Classification number WM 400 P973 1992
001 - CONTROL NUMBER
control field data
245 00 - TITLE STATEMENT
Title Psychiatric case formulations /
Statement of responsibility, etc. Len Sperry ... [et al.].
260 0# - PUBLICATION, DISTRIBUTION, ETC.
Place of publication, distribution, etc. Washington, DC :
Name of publisher, distributor, etc. American Psychiatric Press,
Date of publication, distribution, etc. c1992.
300 ## - PHYSICAL DESCRIPTION
Extent ix, 171 p. ;
Dimensions 24 cm.
504 ## - BIBLIOGRAPHY, ETC. NOTE
Bibliography, etc. note Includes bibliographical references and index.
590 ## - LOCAL NOTE (RLIN)
Local note Includes bibliography and index.
650 #0 - SUBJECT ADDED ENTRY--TOPICAL TERM
Topical term or geographic name entry element Psychiatry
General subdivision Case formulation.
650 #2 - SUBJECT ADDED ENTRY--TOPICAL TERM
Topical term or geographic name entry element Mental Disorders
General subdivision therapy.
650 #2 - SUBJECT ADDED ENTRY--TOPICAL TERM
Topical term or geographic name entry element Patient Care Planning.
700 1# - ADDED ENTRY--PERSONAL NAME
Personal name Sperry, Len.
Holdings
Withdrawn status Lost status Damaged status Not for loan Home library Current library Shelving location Date acquired Total checkouts Full call number Barcode Date last seen Price effective from Koha item type
        Riverside Riverside General stacks 22/03/2026   RC473.C37 P78 1992 BC0010663 22/03/2026 22/03/2026 Books